Effects of succession planning on organization performance among non-governmental organization's in Kenya (Record no. 16397)
[ view plain ]
| 000 -LEADER | |
|---|---|
| fixed length control field | 00618nam a22001697a 4500 |
| 008 - FIXED-LENGTH DATA ELEMENTS--GENERAL INFORMATION | |
| fixed length control field | 170405b xxu||||| |||| 00| 0 eng d |
| 040 ## - CATALOGING SOURCE | |
| Original cataloging agency | KABU |
| Transcribing agency | KABU |
| 050 ## - LIBRARY OF CONGRESS CALL NUMBER | |
| Classification number | The HD58.8 |
| Item number | .O59 2015 C.1 |
| 100 ## - MAIN ENTRY--PERSONAL NAME | |
| Personal name | Odhiambo, Onyango Joseph |
| 245 ## - TITLE STATEMENT | |
| Title | Effects of succession planning on organization performance among non-governmental organization's in Kenya |
| Statement of responsibility, etc. | by Onyango Odhiambo Joseph |
| 260 ## - PUBLICATION, DISTRIBUTION, ETC. (IMPRINT) | |
| Date of publication, distribution, etc. | 2016 |
| 300 ## - PHYSICAL DESCRIPTION | |
| Extent | vii, 162 p. |
| 650 ## - SUBJECT ADDED ENTRY--TOPICAL TERM | |
| Topical term or geographic name as entry element | Organizational change |
| 650 ## - SUBJECT ADDED ENTRY--TOPICAL TERM | |
| Topical term or geographic name as entry element | Corporate culture |
| 650 ## - SUBJECT ADDED ENTRY--TOPICAL TERM | |
| Topical term or geographic name as entry element | succession planning |
| 942 ## - ADDED ENTRY ELEMENTS (KOHA) | |
| Source of classification or shelving scheme | Library of Congress Classification |
| Koha item type | Thesis, Dissertation and Projecs |
| Classification part | The HD58.8 .O59 2015 C.1 |
| Withdrawn status | Lost status | Source of classification or shelving scheme | Not for loan | Home library | Current library | Date acquired | Total Checkouts | Full call number | Barcode | Date last seen | Date last checked out | Copy number | Price effective from | Koha item type | Inventory number |
|---|---|---|---|---|---|---|---|---|---|---|---|---|---|---|---|
| Library of Congress Classification | Kabarak, Main Campus | Kabarak, Main Campus | 05/04/2017 | 2 | The HD58.8 .O59 2015 C.1 | 026390 | 08/10/2018 | 06/10/2018 | C.1 | 05/04/2017 | Thesis, Dissertation and Projecs | ||||
| Library of Congress Classification | Kabarak, Nakuru City Campus | Kabarak, Nakuru City Campus | 06/03/2025 | The HD58.8 .O59 2015 C.1 | 030488 | 06/03/2025 | C.1 | 06/03/2025 | Thesis, Dissertation and Projecs | 2020/1693 |